000 00744nam a22001577a 4500
999 _c58799
_d58799
005 20240320101210.0
008 220912c2022 ge ||||| |||| 00| 0 geo d
022 _a15120880
041 _ageo
245 _aსაქართველოს ბიბლიოთეკა :
_bსამეცნიერო–პოპულარული და მეთოდური ჟურნალი. 2022 /
_cმთ.რედ. მაია მიქაბერიძე.
260 _aთბილისი,
_c2022.
300 _av.
653 _aსაქართველოს ბიბლიოთეკა
700 _aმიქაბერიძე, მაია
_eმთავარი რედაქტორი
_94374
942 _2udc
_cCR